[Event "KAZ-ch Men 2017"]
[Site "Almaty"]
[Date "2017.04.16"]
[Round "6"]
[White "Ismagambetov, Anuar"]
[Black "Kuderinov, Kirill"]
[Result "1-0"]
[WhiteElo "2545"]
[BlackElo "2482"]
[Annotator "TA"]
[PlyCount "121"]
[EventDate "2017.??.??"]
[EventType "tourn"]
[EventCountry "KAZ"]
[SourceTitle "playchess.com"]
[Source "ChessBase"]
[SourceQuality "1"]

{[%evp 20,121,34,34,44,46,52,40,39,40,91,91,91,37,45,0,0,2,0,-44,-50,-41,-60,-44,-22,-74,-27,-23,-15,-14,-25,-23,0,-24,-18,-4,1,21,6,0,0,0,0,0,0,-16,18,0,0,6,13,13,7,11,24,0,16,0,53,20,55,45,36,42,29,29,90,98,166,85,168,133,128,141,196,177,206,192,396,370,367,366,429,282,707,692,850,847,791,818,981,981,877,867,797,777,812,947,837,807,1510,1415,1304,1289]} 1. e4 e5 2. Nf3 Nc6 3. Bb5 a6 4. Ba4 Nf6 5. O-O Be7 6. Re1 b5 7. Bb3 O-O 8. h3 Bb7 9. d3 d6 10. a3 h6 {C88: Closed Ruy Lopez: Anti-Marshall Systems} (10... Qd7 11. Nbd2 Rfe8 12. c3 Bf8 13. Nf1 h6 14. N3h2 d5 15. Qf3 Na5 16. Ba2 dxe4 17. dxe4 Nc4 18. Bxh6 {½-½ (94) Karjakin,S (2772)-Carlsen,M (2853) New York 2016}) 11. Nbd2 {[%cal Bb1d2,Bd2f3,Bf3h4,Bh4g6][%mdl 32] LiveBook: 8 Games} Nd4 $146 (11... Re8 12. Nf1 Bf8 13. Ne3 Ne7 14. Ng4 Nxg4 15. hxg4 Ng6 16. g5 d5 17. gxh6 gxh6 18. Nh2 c5 19. Bxd5 Bxd5 20. exd5 Qxd5 {0-1 (50) Szablowski,P (2433)-Vajda,L (2504) Budapest 2011}) 12. Nxd4 exd4 {White is slightly better.} 13. Nf3 c5 {[%cal Bc7c5,Bc5c4][%mdl 32]} 14. Nh4 Bc8 (14... Re8 $14) 15. Ng6 Re8 16. Qf3 (16. Nxe7+ Qxe7 17. c3 dxc3 $11) (16. e5 $16) 16... Bb7 $14 (16... d5 $6 17. e5 (17. exd5 Ra7 $14) (17. Nxe7+ Rxe7 18. e5 Qe8 $16) 17... c4 18. dxc4 (18. exf6 Bxf6 19. Rxe8+ Qxe8 $16) (18. Nxe7+ Qxe7 19. Ba2 Qe6 $16) 18... bxc4 19. exf6 $16) 17. Nf4 Rc8 18. Bd2 c4 19. Ba2 Nd7 {[%cal Bf6d7,Bd7e5,Be5c4][%mdl 32]} 20. Rad1 Ne5 21. Qe2 Bg5 22. Bc1 (22. Nh5 $11 {keeps the balance.} Bxd2 23. Qxd2) 22... cxd3 23. Nxd3 Nc4 24. Qg4 Bxc1 25. Rxc1 Qf6 26. Rcd1 g6 27. Bxc4 Rxc4 28. Rd2 h5 29. Qf4 Qxf4 30. Nxf4 Rxe4 31. Ne2 Re5 32. f3 a5 33. Ra1 {[#]} d3 $1 {[%mdl 512]} 34. cxd3 Rc6 35. Kf2 Kg7 36. Nd4 Rc8 37. Rc2 Rb8 38. Ne2 g5 ({Better is} 38... a4 $11) 39. Rc7 g4 40. hxg4 hxg4 41. d4 Rg5 42. f4 {[%cal Bf3f4,Bf4f5][%mdl 32]} Rd5 (42... g3+ $1 $11 43. Nxg3 Rg4) 43. b4 $16 a4 (43... Bc8 $16) 44. Rac1 (44. Rd1 $1 $18) 44... Rf5 (44... Rh5 $16) 45. Rd7 Rf6 {[#]} 46. Ng3 $1 $36 {[%cal Rg3h5][%mdl 2048] White is really pushing.} Kf8 (46... Kg8 $16) 47. f5 $18 Bd5 48. Rh1 {aiming for Rh8+.} Kg8 $2 (48... Ke8 {might work better.} 49. Rxd6 Rxd6 50. Rh8+ Kd7 51. Rxb8 Rc6) 49. Ke3 (49. Rh4 Rc8 50. Rxg4+ Kf8 $18) 49... Bxg2 {[#]} 50. Rh4 $1 d5 ({Don't play} 50... Re8+ 51. Kf4 d5 52. Nh5 (52. Kxg4 Rc6 53. Nh5 Re4+ 54. Nf4 Kg7 $18)) 51. Kf4 Be4 $2 (51... Bf3 52. Kg5 Rc6) 52. Rxg4+ {White is clearly winning.} (52. Nxe4 dxe4 53. Rxg4+ (53. Kxe4 Rc6 54. Rxg4+ Kf8 $16) 53... Kf8 $16) 52... Kf8 53. Rh4 ({Less strong is} 53. Nxe4 dxe4 54. Kxe4 Rc6 $16) 53... Kg8 54. Kg5 ({Not} 54. Nxe4 dxe4 55. Kxe4 Rc6 $16) 54... Rc6 55. Nh5 Rbc8 56. Nf6+ Rxf6 57. Kxf6 Rc6+ 58. Kg5 Kg7 59. Rh3 Rb6 60. Rc7 Ra6 61. Rc8 1-0

[Event "KAZ-ch Men 2017"]
[Site "Almaty"]
[Date "2017.04.16"]
[Round "6"]
[White "Saduakassova, Dinara"]
[Black "Agmanov, Zhandos"]
[Result "1/2-1/2"]
[WhiteElo "2449"]
[BlackElo "2377"]
[Annotator "TA"]
[PlyCount "20"]
[EventDate "2017.??.??"]
[EventType "tourn"]
[EventCountry "KAZ"]
[SourceTitle "playchess.com"]
[Source "ChessBase"]
[SourceQuality "1"]

{[%evp 8,20,44,7,0,-17,-6,-13,-26,-18,-8,-17,18,25,26]} 1. d4 e6 2. c4 d5 3. Nf3 c6 4. Qc2 Nf6 5. g3 dxc4 {D30: Queen's Gambit Declined: Systems without Nc3} (5... Nbd7 6. Nbd2 b6 7. Bg2 Bb7 8. O-O Be7 9. e4 O-O 10. cxd5 cxd5 11. e5 Rc8 12. Qa4 Ne8 13. h4 Nc7 14. Re1 Ba6 15. Nf1 Bd3 16. Qd1 Bg6 17. Ng5 Na6 {1-0 (34) Ponkratov,P (2604)-Andreikin,D (2720) Berlin 2015}) 6. Bg2 b5 7. O-O Bb7 8. Nbd2 Nbd7 9. b3 c3 $146 (9... cxb3 10. Nxb3 Qb6 11. Ne1 Be7 12. Nd3 a5 13. Nbc5 Rc8 14. Bg5 Nxc5 15. Nxc5 {½-½ (32) Schachinger,M (2403)-Breder,D (2462) Austria 2014}) 10. Qxc3 c5 1/2-1/2

[Event "KAZ-ch Men 2017"]
[Site "Almaty"]
[Date "2017.04.16"]
[Round "6"]
[White "Kostenko, Petr"]
[Black "Akhmetov, Ayan"]
[Result "1-0"]
[WhiteElo "2440"]
[BlackElo "2311"]
[Annotator "TA"]
[PlyCount "125"]
[EventDate "2017.??.??"]
[EventType "tourn"]
[EventCountry "KAZ"]
[SourceTitle "playchess.com"]
[Source "ChessBase"]
[SourceQuality "1"]

{[%evp 14,125,44,37,46,48,104,48,234,234,248,249,254,250,454,363,293,281,361,333,333,336,320,309,312,293,303,283,262,234,251,146,141,112,124,122,112,113,114,93,114,110,104,104,108,105,137,135,172,174,177,174,245,243,244,245,277,220,222,177,189,142,169,181,162,169,163,148,192,199,200,205,204,212,224,219,217,222,231,202,271,269,297,293,605,600,460,353,929,910,1403,1353,1737,1641,2206,1506,29978,29978,29980,29981,29981,29982,29982,29983,29983,29984,29984,29985,29985,29986,29986,29986,29985,29986]} 1. e4 e6 2. d4 d5 3. Nd2 Nc6 4. Ngf3 Nf6 5. e5 Nd7 6. Bd3 f6 7. exf6 Qxf6 8. Nf1 {LiveBook: 35 Games. C04: French Tarrasch: 3...Nc6} (8. Nb3 Bd6 9. Ng5 g6 10. O-O O-O 11. c4 a5 12. a4 Nb4 13. Be2 dxc4 14. Bxc4 Nb6 15. Be2 N6d5 {½-½ (48) Movsesian,S (2672)-Rapport,R (2704) Tromsoe 2014}) 8... Nb4 ({Wrong is} 8... Nxd4 $2 9. Nxd4 Bc5 10. Be3 $18 (10. Nf3 O-O 11. Ne3 Ne5 $18)) 9. Be2 e5 $146 ({Better is} 9... c5 $14) (9... c5 10. c3 Nc6 11. Ne3 Bd6 12. O-O Qg6 13. Ne5 Qf6 14. f4 O-O 15. N3g4 Qd8 {1-0 (40) Zhou,Y (2442)-Poetsch,H (2426) Budapest 2013}) 10. dxe5 (10. a3 $16 {And now dxe5 would win.} Nc6 11. Ne3) 10... Qg6 $2 (10... Nxe5 $14 11. c3 Nbc6) 11. Ne3 $18 {c3 is the strong threat.} Bc5 {With the idea ...Bxe3.} 12. O-O Bxe3 13. Bxe3 ({Don't take} 13. fxe3 $6 Qxc2 14. Bd2 Qxd1 15. Raxd1 (15. Rfxd1 Nc6 16. Bc3 Nb6 $16) 15... Nc6 $18) 13... Qe6 $2 (13... Qxc2 {was necessary.} 14. Rc1 Qxd1 15. Rfxd1 Nc6) 14. c3 Nc6 15. Nd4 Qxe5 16. Nxc6 bxc6 17. Bd4 Qg5 18. Bh5+ Kd8 19. Re1 Nf6 20. Bf3 Re8 21. Be3 Qg6 {[#]} 22. c4 (22. Qa4 $1 $18) 22... Bg4 $16 23. Bxg4 Qxg4 24. Rc1 Qxd1 25. Rexd1 Kd7 26. Kf1 a5 27. Bd4 Kd6 28. f3 a4 29. Rc2 Rab8 30. g4 {[%cal Bg2g4,Bg4g5][%mdl 32]} Re6 {[#]} 31. Bc5+ $1 {[%mdl 512]} Kd7 (31... Kxc5 32. cxd5+) 32. g5 Nh5 (32... Ne8 $142) 33. cxd5 $18 cxd5 34. Rxd5+ Kc6 35. Rf5 Kb7 36. Bf2 Rd8 37. Kg2 Rd5 38. Rxd5 Nf4+ 39. Kg3 Nxd5 {[%mdl 4096] Endgame KRB-KRN} 40. Rc4 Re2 41. Rxa4 g6 42. b3 Ne7 43. f4 Nf5+ 44. Kf3 Rc2 45. Rb4+ Kc8 46. a4 {[%cal Ba2a4,Ba4a5][%mdl 32]} Nd6 47. a5 {Threatens to win with a6.} Ra2 48. Ra4 Rxa4 $2 (48... Rb2 49. b4 Kb7 50. a6+ Ka8) 49. bxa4 {KB-KN} Kb7 50. Bc5 Nc4 $2 (50... Nf5 51. Ke4 Ka6) 51. f5 Ne5+ 52. Ke4 Nf7 53. h4 c6 54. Be7 Ka6 {[#]} 55. h5 $1 {White mates.} gxh5 56. g6 hxg6 57. fxg6 Nh6 58. Bg5 Ng8 59. Ke5 c5 60. Ke6 c4 61. Kf7 h4 62. Bxh4 Nh6+ 63. Ke6 1-0

[Event "KAZ-ch Men 2017"]
[Site "Almaty"]
[Date "2017.04.16"]
[Round "6"]
[White "Makhnyov, Denis"]
[Black "Saiyn, Zhanat"]
[Result "1/2-1/2"]
[WhiteElo "2379"]
[BlackElo "2395"]
[Annotator "TA"]
[PlyCount "31"]
[EventDate "2017.??.??"]
[EventType "tourn"]
[EventCountry "KAZ"]
[SourceTitle "playchess.com"]
[Source "ChessBase"]
[SourceQuality "1"]

{[%evp 18,22,8,0,0,16,0]} 1. Nf3 Nf6 2. c4 e6 3. g3 b6 4. Bg2 Bb7 5. O-O Be7 6. b3 O-O 7. Bb2 d5 8. cxd5 exd5 9. d4 Ne4 10. Nc3 Nxc3 {E17: Queen's Indian: 4 g3 Bb7 5 Bg2 Be7} 11. Bxc3 Nd7 12. Rc1 $146 Re8 13. Re1 Nf6 14. Qc2 a5 15. Ne5 c6 16. Bb2 {½-½ (16) Cori Tello,J (2549)-Burmakin,V (2575) Montcada 2013} 1/2-1/2

[Event "KAZ-ch Men 2017"]
[Site "Almaty"]
[Date "2017.04.16"]
[Round "6"]
[White "Nugumanov, Bakhtiyar"]
[Black "Kazhgaleyev, Murtas"]
[Result "0-1"]
[WhiteElo "2350"]
[BlackElo "2594"]
[Annotator "TA"]
[PlyCount "76"]
[EventDate "2017.??.??"]
[EventType "tourn"]
[EventCountry "KAZ"]
[SourceTitle "playchess.com"]
[Source "ChessBase"]
[SourceQuality "1"]

{[%evp 16,76,14,16,18,-11,0,-1,0,0,0,8,8,9,18,12,48,28,23,20,29,15,0,12,36,-26,-37,-10,-11,-62,-6,-543,-571,-543,-612,-564,-618,-622,-626,-614,-632,-635,-643,-641,-581,-637,-643,-631,-631,-612,-615,-606,-602,-739,-724,-724,-724,-1997,-1612,-1621,-786,-1151,-775]} 1. e4 e6 2. d4 d5 3. e5 c5 4. c3 Nc6 5. Nf3 Bd7 6. Be2 Nge7 7. O-O cxd4 8. cxd4 Nf5 9. Nc3 a6 {C02: French: Advance Variation} 10. Na4 $146 (10. Bg5 Qb6 11. Na4 Qa7 12. Be3 b5 13. Nc3 Be7 14. Bd3 Nxe3 15. fxe3 {1-0 (42) Giri,A (2711)-Dgebuadze,A (2556) Istanbul 2012}) 10... b5 11. Nc3 {[%cal Ba4c3,Bc3e2,Be2f4][%mdl 32]} Qb6 {[%cal Rf5d4] The position is equal.} 12. Be3 Be7 13. Bd3 {Hoping for Bxf5.} Nxe3 (13... Nfxd4 $2 14. Nxd4 Bc5 15. Nxc6 Bxe3 16. a4 $18 (16. fxe3 Qxe3+ 17. Kh1 Bxc6 $18) (16. Qf3 Bc5 $14)) 14. fxe3 O-O 15. Ne2 f5 16. h4 Nb4 17. Bb1 Rac8 18. a3 Nc6 19. Nf4 b4 20. Ng5 (20. Bd3 $14) 20... Nxe5 $11 21. dxe5 Qxe3+ 22. Kh1 (22. Kh2 $1 $11) 22... Rc4 (22... Qxe5 $6 23. axb4 Rf6 24. Rxa6 $14) (22... bxa3 $15 23. Ngxe6 Bxe6) 23. Qh5 $2 {[%mdl 8192]} (23. Ngh3 $1 $11 {and White stays safe.}) 23... Bxg5 $1 $19 {Black is clearly winning.} 24. Qxg5 {Threatens to win with Nxe6!} h6 {[%cal Bh7h6,Bh6g5][%mdl 32]} (24... Qxe5 25. Bd3 h6 26. Qg3 $14) 25. Nxd5 {[#]} Qe2 $1 {[%cal Re2f1]} (25... hxg5 26. Nxe3 Rxh4+ 27. Kg1 $16) ({And not} 25... Qxg5 26. hxg5 exd5 27. gxh6 $11) 26. Ne7+ Kf7 27. Bxf5 {[%csl Ge7,Gg5][%cal Rf5g6]} hxg5 28. Bd3+ {[#]} Qxf1+ $1 ({Not} 28... Kxe7 29. Bxe2 Rc2 30. Bxa6 $17 (30. Rxf8 Kxf8 31. Bd3 Rd2 $17)) 29. Rxf1+ Rf4 30. Rxf4+ gxf4 {[%mdl 4096] Endgame KRB-KBN} 31. Ng6 Rd8 32. Nxf4 Bb5 33. Bg6+ Ke7 34. axb4 Rd4 35. g3 Rxb4 36. Bh5 Rxb2 37. Ng6+ Kd8 38. Nf4 Bc4 0-1

[Event "KAZ-ch Men 2017"]
[Site "Almaty"]
[Date "2017.04.17"]
[Round "7"]
[White "Kazhgaleyev, Murtas"]
[Black "Makhnyov, Denis"]
[Result "1-0"]
[WhiteElo "2594"]
[BlackElo "2379"]
[Annotator "TA"]
[PlyCount "41"]
[EventDate "2017.??.??"]
[EventType "tourn"]
[EventCountry "KAZ"]
[SourceTitle "playchess.com"]
[Source "ChessBase"]
[SourceQuality "1"]

{[%evp 17,41,27,41,26,51,41,54,46,75,66,47,49,111,104,106,109,114,107,118,122,105,105,202,219,1792,1767]} 1. d4 d5 2. Nf3 a6 3. c4 dxc4 4. e3 b5 5. a4 Bb7 6. b3 e6 {D22: Queen's Gambit Accepted: 3 Nf3 a6 4 e3} 7. bxc4 bxc4 8. Bxc4 Nf6 9. Nbd2 c5 {LiveBook: 3 Games} (9... Nbd7 10. Qb3 Rb8 11. Qd3 Nd5 12. Bxd5 exd5 13. Ba3 c5 14. dxc5 Bxc5 {0-1 (41) Dominguez Perez,L (2732)-Ponomariov,R (2712) Huaian 2016}) 10. Rb1 Ra7 $146 (10... Qc7 11. Qb3 Bd5 12. Ba3 Nbd7 13. O-O Be7 14. Bxd5 exd5 15. dxc5 Nxc5 {1-0 (24) Epishin,V (2560)-Tischendorf,M (2210) Hofheim 2016}) 11. O-O cxd4 12. Bb2 dxe3 {[#]} 13. Bd4 $1 {[%cal Rd4a7]} (13. fxe3 Nbd7 $11) 13... Bxf3 14. Qxf3 Rd7 (14... exf2+ $14 15. Rxf2 (15. Qxf2 Rc7 $14) (15. Bxf2 Rd7 16. Nb3 h5 $14) 15... Qxd4 16. Rxb8+ Ke7) 15. Bxf6 $16 (15. Qxe3 $6 Rxd4 16. Rxb8 Qxb8 $11) 15... gxf6 16. Ne4 ({Reject} 16. Qxe3 $6 Rxd2 17. Rxb8 Qxb8 $11) 16... f5 {[#]} 17. Nf6+ $1 {[%mdl 512]} Qxf6 18. Rxb8+ Ke7 19. Qxe3 {White wants to mate with Qc5+.} Qd4 {[#]} (19... Qg7 $16) 20. Qg5+ $1 $18 {[%mdl 1024] White has strong compensation.} ({Worse is} 20. Bxa6 Qxe3 21. fxe3 Bg7 22. Rxh8 Bxh8 $11) 20... Qf6 $2 {[#]} (20... Kd6 21. Ra8 (21. Bxa6 h6 22. Qg3+ Ke7 $16) 21... Kc7) 21. Re8+ $1 {[%mdl 512]} 1-0

[Event "KAZ-ch Men 2017"]
[Site "Almaty"]
[Date "2017.04.17"]
[Round "7"]
[White "Utegaliyev, Azamat"]
[Black "Nugumanov, Bakhtiyar"]
[Result "1-0"]
[WhiteElo "2516"]
[BlackElo "2350"]
[Annotator "TA"]
[PlyCount "107"]
[EventDate "2017.??.??"]
[EventType "tourn"]
[EventCountry "KAZ"]
[SourceTitle "playchess.com"]
[Source "ChessBase"]
[SourceQuality "1"]

{[%evp 25,107,29,66,64,83,85,92,74,110,120,137,141,137,142,133,154,272,275,284,272,282,279,270,242,243,237,234,210,227,220,220,202,202,202,214,216,217,215,249,255,245,247,240,246,266,266,266,266,298,308,317,296,296,268,309,292,301,302,304,231,231,231,231,228,228,227,255,254,263,268,279,258,249,225,269,224,218,194,278,277,520,613,569,587]} 1. Nf3 Nf6 2. c4 e6 3. g3 d5 4. Bg2 Be7 5. O-O O-O 6. b3 c5 7. Bb2 Nc6 8. cxd5 exd5 9. d4 Bg4 10. dxc5 Bxc5 11. Nc3 a6 {D34: Tarrasch Defence: 6 g3 Nf6 7 Bg2 Be7} (11... Re8 12. Rc1 Bb4 13. h3 Bh5 14. a3 Bxc3 15. Bxc3 Ne4 16. Bb2 Qb6 17. g4 Bg6 18. Nd4 Rac8 19. e3 h6 20. Ne2 {1-0 (74) Mamedov,R (2651)-Ganguly,S (2626) Moscow 2013}) 12. Rc1 Ba7 13. h3 Be6 {LiveBook: 4 Games. White has an edge.} 14. e3 h6 $146 (14... Rc8 15. Ne2 Qe7 16. a3 Rfd8 17. Nfd4 Nxd4 18. Nxd4 Ne4 19. Nxe6 Rxc1 20. Qxc1 Qxe6 {½-½ (29) Vivante Sowter,J (2355)-Donnelly,M (2486) ICCF email 2008}) 15. Ne2 {[%cal Bc3e2,Be2f4,Bf4d5,Bd5b6][%mdl 32]} Ne4 16. Nfd4 Bd7 17. Nf4 Nf6 18. Nde2 ({Don't do} 18. Nxd5 Nxd5 19. Bxd5 Bxd4 20. Bxd4 (20. exd4 Bxh3 21. Bg2 Bxg2 22. Kxg2 Qd5+ 23. Qf3 Rad8 $11) 20... Bxh3 21. Bxc6 bxc6 $14) 18... Re8 19. Bxf6 Qxf6 20. Nxd5 ({But not} 20. Bxd5 $6 Rad8 $14) 20... Qd6 {[#]} (20... Qd8 $16 {might work better.} 21. Qd2 Rc8) 21. Nb6 $1 $18 {[%mdl 512]} Qxd1 (21... Bxb6 22. Qxd6) 22. Rfxd1 ({Don't play} 22. Rcxd1 $6 Bg4 $18) 22... Bxb6 23. Rxd7 Ne5 24. Rxb7 Rab8 25. Rxb8 Rxb8 26. Nf4 Bd8 27. Bf1 a5 28. Nd5 Kf8 29. Ba6 Ke8 30. Rc5 Kf8 31. Bb5 Nf3+ 32. Kg2 Ne1+ 33. Kf1 Nf3 {next ...Nd2+ is good for Black.} 34. Bc4 Nd2+ 35. Ke2 Ne4 36. Rc6 Ng5 37. h4 Ne6 38. Nc3 Nc7 39. Ne4 Ne8 40. f4 Ke7 41. Nc3 Nd6 42. e4 Rc8 43. Rxc8 Nxc8 {[%mdl 4096] Endgame KBN-KBN} 44. e5 Kf8 45. Ne4 Ke7 46. Kf3 Bb6 47. g4 Bd4 48. g5 hxg5 49. hxg5 {[%cal Bh4g5,Bg5g6][%mdl 32]} Bb2 50. Ng3 Kf8 51. Nf5 Nb6 (51... Ne7 $142) 52. Nd6 f6 $2 {[#]} (52... Ba3 53. Ke4 a4) 53. exf6 gxf6 54. g6 1-0

[Event "KAZ-ch Men 2017"]
[Site "Almaty"]
[Date "2017.04.17"]
[Round "7"]
[White "Kuderinov, Kirill"]
[Black "Kostenko, Petr"]
[Result "1/2-1/2"]
[WhiteElo "2482"]
[BlackElo "2440"]
[Annotator "TA"]
[PlyCount "151"]
[EventDate "2017.??.??"]
[EventType "tourn"]
[EventCountry "KAZ"]
[SourceTitle "playchess.com"]
[Source "ChessBase"]
[SourceQuality "1"]

{[%evp 23,151,9,27,0,-4,0,0,-6,43,27,42,6,42,44,45,35,28,21,50,31,31,33,35,29,41,30,62,41,27,24,53,51,52,47,52,46,58,54,50,15,33,23,45,22,30,18,24,0,6,0,25,21,28,26,29,0,48,60,168,151,225,92,121,73,70,85,102,94,124,123,129,128,113,45,33,0,88,81,83,54,52,56,40,31,168,170,138,52,134,133,147,103,203,204,197,194,451,444,441,436,436,412,412,403,248,0,0,0,0,0,0,0,0,0,0,0,8,0,0,0,0,0,0,0,0,0,0,0,0,0]} 1. e4 e6 2. d4 d5 3. Nc3 Nf6 4. e5 Nfd7 5. f4 c5 6. Nf3 Nc6 7. Be3 a6 8. Qd2 b5 9. a3 Qb6 10. Ne2 {C11: French: Classical System: 4 e5 and 4 Bg5 dxe4} b4 11. axb4 Qxb4 12. c3 Qb7 {LiveBook: 8 Games} 13. dxc5 (13. Nc1 Be7 14. Bd3 c4 15. Bb1 Rb8 16. Ra2 Nb4 17. Ra1 Nc6 18. Ra2 {½-½ (18) Karjakin,S (2723)-Vitiugov,N (2694) Khanty-Mansiysk 2009}) 13... Nxc5 {Strongly threatening ...Nb3.} 14. Ned4 Nxd4 15. Nxd4 (15. Bxd4 $2 Nb3 16. Qd1 Nxa1 17. Qxa1 Be7 $17) 15... Rb8 16. Ra2 Be7 17. Bd3 O-O $146 (17... g6) 18. O-O f6 19. exf6 Bxf6 20. Bc2 g6 21. Rfa1 Qc7 22. b4 Ne4 23. Bxe4 $1 dxe4 24. Ra5 Rb6 25. Rc5 Qd7 26. Nb3 Rd6 27. Bd4 $1 Bb7 28. Qe3 Bxd4 29. Nxd4 Rd5 30. Rxd5 exd5 31. h3 Bc8 32. Rd1 Qf7 33. Rf1 Qf6 34. Rf2 Bd7 35. Nb3 Bb5 36. Nd4 Bd7 37. Ra2 Bc8 (37... Qxf4 $6 38. Qxf4 Rxf4 39. Rxa6 $16) 38. Ra5 Qd6 39. Qd2 Bd7 (39... Qxf4 40. Qxf4 Rxf4 41. Rxd5 $16) 40. Rc5 g5 (40... Rxf4 $14 41. Qa2 (41. Rxd5 Rf1+ 42. Kxf1 Qxd5 $11) 41... Rf7) 41. f5 (41. fxg5 Bxh3 42. Qe3 (42. gxh3 Qg3+ 43. Qg2 Qe1+ 44. Kh2 Rf2 45. Rxd5 Rxg2+ 46. Kxg2 Qxc3 47. Rd8+ Kf7 48. Rd7+ Kg6 49. Rd6+ Kxg5 50. Rd5+ Kf6 $19) 42... Bd7 $16) 41... h6 (41... Qf4 $16 {was worth a try.} 42. Qxf4 gxf4 43. Rxd5 Bb5 44. Nxb5 axb5 45. Rxb5 Re8) 42. Nc2 (42. Qa2 $18 {and the rest is easy.} Qf4 43. Rxd5 (43. Qxd5+ Rf7 $18)) 42... Bxf5 43. Qxd5+ Qxd5 44. Rxd5 $16 {[%mdl 4096] Endgame KRB-KRN} Bc8 45. Ne3 Re8 46. c4 {[%cal Bc3c4,Bc4c5][%mdl 32]} Kf7 47. c5 Be6 48. Re5 (48. Rd6 $16) 48... Bd7 $14 49. Rd5 Bc6 (49... Be6 $1 $11 50. Rd4 Kf6) 50. Rd6 Re6 {With the idea ...Rxd6.} 51. Rd2 h5 52. Kf2 Rf6+ 53. Ke1 Bb5 ({Black should play} 53... Ke6 $1 $14) 54. Rd5 $18 Kg6 55. Rd4 (55. Kd2 $16) 55... Bc6 ({Black should try} 55... Kf7 $1 $14) 56. Kd2 $16 Re6 57. Kc3 h4 (57... Kf6 $16 {was necessary.}) 58. Rd8 $18 Kf6 59. Kd4 Re8 $2 {[#]} (59... Kg6 60. Rc8 Kf7 61. Rc7+ Kf6) 60. Rxe8 ({Less strong is} 60. Rd6+ Re6 $16) 60... Bxe8 {KB-KN} 61. Kd5 ({Worse is} 61. Kxe4 Bc6+ 62. Kd3 Ke5 $11) 61... Ke7 62. Ke5 (62. Kxe4 Ke6 $14) 62... Kd7 63. Nd5 ({Not} 63. Kxe4 Ke6 $14) 63... Kc6 64. Nc3 $2 (64. Kxe4 $18 Bd7 65. Ne7+ Kc7 66. Kd5) 64... e3 $11 {The position is equal.} 65. Kd4 Bd7 66. Kxe3 g4 67. hxg4 Bxg4 68. Kd4 Bc8 69. Ne4 Be6 70. Nc3 Bc8 71. Nd5 {[#] And now Ne7+ would win.} Kb5 72. Kc3 a5 73. bxa5 Kxc5 74. Nf4 Bb7 75. Ng6 Bxg2 {Threatens to win with ...h3.} 76. Nxh4 1/2-1/2

[Event "KAZ-ch Men 2017"]
[Site "Almaty"]
[Date "2017.04.17"]
[Round "7"]
[White "Saiyn, Zhanat"]
[Black "Ismagambetov, Anuar"]
[Result "1/2-1/2"]
[WhiteElo "2395"]
[BlackElo "2545"]
[Annotator "TA"]
[PlyCount "60"]
[EventDate "2017.??.??"]
[EventType "tourn"]
[EventCountry "KAZ"]
[SourceTitle "playchess.com"]
[Source "ChessBase"]
[SourceQuality "1"]

{[%evp 30,60,107,18,100,85,87,85,100,75,103,85,81,0,0,-49,-56,-49,-57,-57,-53,-51,-54,-44,-52,-89,-60,-56,-81,-68,-67,-60,-28]} 1. d4 Nf6 2. Nf3 g6 3. c4 Bg7 4. Nc3 O-O 5. e4 d6 6. Be2 e5 7. O-O Nc6 8. d5 Ne7 9. Ne1 Nd7 10. Be3 f5 11. f3 f4 12. Bf2 g5 13. Rc1 Rf6 14. Nd3 {E99: King's Indian: Classical Main Line: 9 Ne1 Nd7 10 f3 f5} Rh6 15. c5 a6 (15... Qe8 16. Nb5 Qh5 17. h4 Ng6 18. g4 fxg3 19. Bxg3 Nf6 20. Nxc7 gxh4 21. Bh2 Rb8 22. cxd6 {1-0 (46) Lesiege,A (2525)-Perez Ponsa,F (2577) chess.com INT 2017}) 16. c6 {LiveBook: 14 Games} ({White should try} 16. h3 $16) 16... Nf6 (16... bxc6 $11 17. dxc6 Nf8) 17. cxb7 $16 Bxb7 18. Qb3 Bc8 19. Nxe5 $146 {Hoping for Nc6.} (19. Qc4 Qe8 20. Kh1 Qh5 21. Bg1 Qh4 {0-1 (35) Araujo,R (1903)-Da Cruz,W (2170) Registro 2013}) 19... Nxe4 20. Nxe4 (20. fxe4 $6 Bxe5 21. h3 Ng6 $11) 20... Bxe5 21. Nxg5 (21. Rfe1 $16) 21... Nf5 $11 22. Ne6 Bxe6 $1 23. dxe6 {[#] Strongly threatening e7+.} Qg5 $1 24. Rfe1 (24. Rxc7 Rg6 25. Rg7+ Bxg7 $19) 24... Kh8 $1 25. Bf1 {Rxe5 is the strong threat.} ({But not} 25. Rxc7 $2 Rg8 26. Bf1 Qh5 $19) 25... Rg8 $1 {And now ...Qh5 would win.} 26. Rxe5 ({Not} 26. Rxc7 $2 Qh5 27. h4 Nxh4 $19) 26... dxe5 27. Re1 Qh5 {[%csl Gh6][%cal Rh5h2] [#]} 28. h4 $1 Nxh4 29. Bxh4 Qxh4 30. Rxe5 Qh2+ 1/2-1/2